000 00840nam a2200265 a 4500
001 000003435
003 DO-SdBNP
005 20220808153024.0
007 ta
008 820122s1984 mx b s001 0dspa
020 _a0807815233
040 _aDO-SdBNP
_bspa
_cBNPHU
082 4 _a810.9
_bL911e
_222
100 1 _aLoving, Jerome,
_910711
245 1 0 _aEmerson, Whitman, y la musa americana /
_cJerome Loving.
260 _aMéxico :
_bNoema,
_c1984.
300 _a230 p. ;
_c21 cm.
504 _aBibliografía : p. [209]-212.
534 _aTítulo de la obra en inglés:
_tEmerson, Whitman and the american muse.
590 _aInventariado, 2022 / DG
650 4 _aLiteratura estadounidense
_ySiglo XIX
_xHistoria y crítica
_910712
650 4 _aAutores americanos
_ySiglo XIX
_xBiografía.
_99816
910 _aDG
942 _2ddc
_cLBS1
999 _c3265
_d3265